Embattled ecumenism : (Record no. 4113)
[ view plain ]
| 000 -LEADER | |
|---|---|
| fixed length control field | 01919nam a2200409 i 4500 |
| 001 - CONTROL NUMBER | |
| control field | ebr10950043 |
| 003 - CONTROL NUMBER IDENTIFIER | |
| control field | CaPaEBR |
| 006 - FIXED-LENGTH DATA ELEMENTS--ADDITIONAL MATERIAL CHARACTERISTICS--GENERAL INFORMATION | |
| fixed length control field | m o d |
| 007 - PHYSICAL DESCRIPTION FIXED FIELD--GENERAL INFORMATION | |
| fixed length control field | cr cn||||||||| |
| 008 - FIXED-LENGTH DATA ELEMENTS--GENERAL INFORMATION | |
| fixed length control field | 141015t20112011ilua ob 001 0 eng d |
| 020 ## - INTERNATIONAL STANDARD BOOK NUMBER | |
| Cancelled/invalid ISBN | 9780875804439 |
| International Standard Book Number | 9781609090272 (e-book) |
| 040 ## - CATALOGING SOURCE | |
| Original cataloging agency | CaPaEBR |
| Language of cataloging | eng |
| Description conventions | rda |
| -- | pn |
| Transcribing agency | CaPaEBR |
| 035 ## - SYSTEM CONTROL NUMBER | |
| System control number | (OCoLC)893673868 |
| 043 ## - GEOGRAPHIC AREA CODE | |
| Geographic area code | n-us--- |
| 050 14 - LIBRARY OF CONGRESS CALL NUMBER | |
| Classification number | BX6.N2 |
| Item number | .G555 2011eb |
| 082 04 - DEWEY DECIMAL CLASSIFICATION NUMBER | |
| Classification number | 277.3/08206 |
| Edition number | 22 |
| 100 1# - MAIN ENTRY--PERSONAL NAME | |
| Personal name | Gill, Jill K., |
| Relator term | author. |
| 245 10 - TITLE STATEMENT | |
| Title | Embattled ecumenism : |
| Remainder of title | the National Council of Churches, the Vietnam War, and the trials of the Protestant left / |
| Statement of responsibility, etc | Jill K. Gill ; Julia Fauci, design. |
| 264 #1 - PRODUCTION, PUBLICATION, DISTRIBUTION, MANUFACTURE, AND COPYRIGHT NOTICE | |
| Place of production, publication, distribution, manufacture | DeKalb, Illinois : |
| Name of producer, publisher, distributor, manufacturer | NIU Press, |
| Date of production, publication, distribution, manufacture, or copyright notice | 2011. |
| Date of production, publication, distribution, manufacture, or copyright notice | �2011 |
| 300 ## - PHYSICAL DESCRIPTION | |
| Extent | 1 online resource (564 pages) : |
| Other physical details | illustrations |
| 336 ## - CONTENT TYPE | |
| Content type term | text |
| Source | rdacontent |
| 337 ## - MEDIA TYPE | |
| Media type term | computer |
| Source | rdamedia |
| 338 ## - CARRIER TYPE | |
| Carrier type term | online resource |
| Source | rdacarrier |
| 504 ## - BIBLIOGRAPHY, ETC. NOTE | |
| Bibliography, etc | Includes bibliographical references and index. |
| 588 ## - SOURCE OF DESCRIPTION NOTE | |
| Source of description note | Description based on print version record. |
| 590 ## - LOCAL NOTE (RLIN) | |
| Local note | Electronic reproduction. Palo Alto, Calif. : ebrary, 2014. Available via World Wide Web. Access may be limited to ebrary affiliated libraries. |
| 610 20 - SUBJECT ADDED ENTRY--CORPORATE NAME | |
| Corporate name or jurisdiction name as entry element | National Council of the Churches of Christ in the United States of America |
| General subdivision | History |
| Chronological subdivision | 20th century. |
| 650 #0 - SUBJECT ADDED ENTRY--TOPICAL TERM | |
| Topical term or geographic name as entry element | Vietnam War, 1961-1975 |
| General subdivision | Religious aspects |
| -- | Christianity. |
| 651 #0 - SUBJECT ADDED ENTRY--GEOGRAPHIC NAME | |
| Geographic name | United States |
| General subdivision | Church history |
| Chronological subdivision | 20th century. |
| 655 #0 - INDEX TERM--GENRE/FORM | |
| Genre/form data or focus term | Electronic books. |
| 700 1# - ADDED ENTRY--PERSONAL NAME | |
| Personal name | Fauci, Julia, |
| Relator term | designer. |
| 776 08 - ADDITIONAL PHYSICAL FORM ENTRY | |
| Display text | Print version: |
| Main entry heading | Gill, Jill K. |
| Title | Embattled ecumenism : the National Council of Churches, the Vietnam War, and the trials of the Protestant left. |
| Place, publisher, and date of publication | DeKalb, Illinois : NIU Press, c2011 |
| Physical description | xii, 551 pages |
| International Standard Book Number | 9780875804439 |
| Record control number | 2011014780 |
| 797 2# - LOCAL ADDED ENTRY--CORPORATE NAME (RLIN) | |
| Corporate name or jurisdiction name as entry element | ebrary. |
| 856 40 - ELECTRONIC LOCATION AND ACCESS | |
| Uniform Resource Identifier | <a href="http://site.ebrary.com/lib/rucke/Doc?id=10950043">http://site.ebrary.com/lib/rucke/Doc?id=10950043</a> |
| Public note | An electronic book accessible through the World Wide Web; click to view |
No items available.
